[Event "Regionalliga SW 1011"]
[Site "Bayern"]
[Date "2011.02.06"]
[Round "6.1"]
[White "Rogobete, Nikolas Johann"]
[Black "Hopfauf, Fridolin"]
[Result "0-1"]
[WhiteElo "2175"]
[BlackElo "2058"]
[PlyCount "82"]
[EventDate "2010.10.10"]
[EventType "team-tourn"]
[EventRounds "9"]
[EventCountry "GER"]
[SourceTitle "EXT 2012"]
[Source "ChessBase"]
[SourceDate "2011.11.24"]
[SourceVersion "1"]
[SourceVersionDate "2011.11.24"]
[SourceQuality "1"]
[WhiteTeam "Tuerkheim/Bad Woerishofen"]
[BlackTeam "Sonthofen"]
[WhiteTeamCountry "GER"]
[BlackTeamCountry "GER"]

1. d4 Nf6 2. c4 g6 3. Nc3 Bg7 4. e4 d6 5. Bd3 e5 6. d5 c6 7. Nge2 cxd5 8. cxd5 0-0 9. 0-0 Nbd7 10. Bg5 h6 11. Be3 Ng4 12. Bd2 Nc5 13. Bc2 a5 14. f3 Nf6 15. Be3 Bd7 16. a3 Rc8 17. Qd2 Kh7 18. b4 Na6 19. Rfb1 axb4 20. axb4 Nh5 21. Bd3 Ra8 22. g4 Nf4 23. Bxa6 Rxa6 24. Rxa6 bxa6 25. Nxf4 exf4 26. Bxf4 Qf6 27. e5 dxe5 28. Bg3 Qxf3 29. Re1 Rc8 30. Ne4 Rc4 31. Nc5 Rd4 32. Qg2 Qxd5 33. Qxd5 Rxd5 34. Nxa6 Bxg4 35. Nc7 Rd7 36. Rc1 e4 37. b5 Bd4+ 38. Kf1 e3 39. Ne8 Bf3 40. b6 Rd8 41. b7 Bxb7 0-1

[Event "Regionalliga SW 0910"]
[Site "Bayern"]
[Date "2010.02.28"]
[Round "7.5"]
[White "Hopfauf, Fridolin"]
[Black "Schulz, Michael2222"]
[Result "1/2-1/2"]
[WhiteElo "2058"]
[BlackElo "2136"]
[PlyCount "36"]
[EventDate "2009.10.18"]
[EventType "team-tourn"]
[EventRounds "9"]
[EventCountry "GER"]
[SourceTitle "EXT 2011"]
[Source "ChessBase"]
[SourceDate "2010.11.26"]
[SourceVersion "1"]
[SourceVersionDate "2010.11.26"]
[SourceQuality "1"]
[WhiteTeam "Sonthofen"]
[BlackTeam "Bayern Muenchen III"]
[WhiteTeamCountry "GER"]
[BlackTeamCountry "GER"]

1. e4 e6 2. d4 d5 3. Nc3 Nf6 4. Bg5 dxe4 5. Nxe4 Be7 6. Bxf6 gxf6 7. Nf3 b6 8. Bb5+ c6 9. Bd3 Bb7 10. Qe2 Qc7 11. 0-0-0 Nd7 12. Kb1 0-0-0 13. Ba6 Rhg8 14. g3 f5 15. Ned2 Bf6 16. Bxb7+ Kxb7 17. Nc4 Rg4 18. h3 Rgg8 1/2-1/2

[Event "Regionalliga SW 0910"]
[Site "Bayern"]
[Date "2009.12.13"]
[Round "4.5"]
[White "Hopfauf, Fridolin"]
[Black "Meszaros, Ignac"]
[Result "1-0"]
[WhiteElo "2058"]
[BlackElo "1974"]
[PlyCount "71"]
[EventDate "2009.10.18"]
[EventType "team-tourn"]
[EventRounds "9"]
[EventCountry "GER"]
[SourceTitle "EXT 2011"]
[Source "ChessBase"]
[SourceDate "2010.11.26"]
[SourceVersion "1"]
[SourceVersionDate "2010.11.26"]
[SourceQuality "1"]
[WhiteTeam "Sonthofen"]
[BlackTeam "Goeggingen"]
[WhiteTeamCountry "GER"]
[BlackTeamCountry "GER"]

1. e4 Nc6 2. Nc3 Nf6 3. Nf3 d6 4. Bb5 Bd7 5. 0-0 e5 6. d4 Nxd4 7. Bxd7+ Qxd7 8. Nxd4 exd4 9. Qxd4 Be7 10. Bf4 0-0 11. Rad1 Qg4 12. Bg3 Rfe8 13. Rfe1 a6 14. h3 Qe6 15. Re3 Rad8 16. Rde1 b5 17. Nd5 Nxd5 18. exd5 Qd7 19. Qe4 Bf8 20. Qxe8 Rxe8 21. Rxe8 f6 22. Ra8 Kf7 23. Rxa6 g5 24. Rc6 f5 25. f4 h6 26. c3 Be7 27. b3 h5 28. a4 bxa4 29. bxa4 h4 30. Bf2 gxf4 31. a5 f3 32. gxf3 f4 33. a6 Bd8 34. Re6 Qc8 35. a7 Qb7 36. Re4 1-0

[Event "Regionalliga SW 0910"]
[Site "Bayern"]
[Date "2009.10.18"]
[Round "1.5"]
[White "Lux, Werner"]
[Black "Hopfauf, Fridolin"]
[Result "0-1"]
[WhiteElo "1976"]
[BlackElo "2058"]
[PlyCount "74"]
[EventDate "2009.10.18"]
[EventType "team-tourn"]
[EventRounds "9"]
[EventCountry "GER"]
[SourceTitle "EXT 2011"]
[Source "ChessBase"]
[SourceDate "2010.11.26"]
[SourceVersion "1"]
[SourceVersionDate "2010.11.26"]
[SourceQuality "1"]
[WhiteTeam "Tuerkheim/Bad Woerishofen"]
[BlackTeam "Sonthofen"]
[WhiteTeamCountry "GER"]
[BlackTeamCountry "GER"]

1. d4 Nf6 2. c4 e6 3. g3 d5 4. cxd5 exd5 5. Nf3 Bb4+ 6. Bd2 Bd6 7. Nc3 0-0 8. Bg2 Re8 9. 0-0 c6 10. Re1 Nbd7 11. Qb3 Nb6 12. Rad1 Bg4 13. h3 Bxf3 14. Bxf3 Qd7 15. Bg2 Ne4 16. Nxe4 dxe4 17. Bf4 Nd5 18. Bxd6 Qxd6 19. e3 Re7 20. a3 Rae8 21. Rc1 h5 22. h4 g5 23. hxg5 Qg6 24. Kh2 Qxg5 25. Rg1 Kh8 26. Rh1 Rg8 27. Kg1 Rg6 28. Rh4 f5 29. Qd1 Rh7 30. Qe2 Nf6 31. Kf1 Ng4 32. Qd2 Re7 33. d5 Rd6 34. Qc3+ Kh7 35. dxc6 Rxc6 36. Qe1 Rd6 37. Bh3 Nh2+ 0-1

[Event "Regionalliga SW 0809"]
[Site "Bayern"]
[Date "2009.03.01"]
[Round "7.5"]
[White "Mueller, Marcus"]
[Black "Hopfauf, Fridolin"]
[Result "1-0"]
[WhiteElo "2093"]
[BlackElo "2075"]
[PlyCount "51"]
[EventDate "2008.10.05"]
[EventType "team-tourn"]
[EventRounds "9"]
[EventCountry "GER"]
[SourceTitle "EXT 2020"]
[Source "ChessBase"]
[SourceDate "2019.10.17"]
[SourceVersion "1"]
[SourceVersionDate "2019.10.17"]
[SourceQuality "1"]
[WhiteTeam "Garching II"]
[BlackTeam "Sonthofen"]
[WhiteTeamCountry "GER"]
[BlackTeamCountry "GER"]

1. Nf3 Nf6 2. c4 g6 3. Nc3 Bg7 4. e4 d6 5. d4 0-0 6. Be2 Bg4 7. Be3 Nc6 8. d5 Bxf3 9. Bxf3 Na5 10. Be2 c5 11. 0-0 e6 12. Qc2 exd5 13. cxd5 a6 14. Rad1 Re8 15. f4 b5 16. Bf3 Nc4 17. Bf2 Nh5 18. g3 Nxb2 19. Qxb2 b4 20. e5 bxc3 21. Qxc3 Rc8 22. Rfe1 dxe5 23. fxe5 Qg5 24. Qc4 Bxe5 25. d6 Red8 26. Bxh5 1-0

[Event "Regionalliga SW 0809"]
[Site "Bayern"]
[Date "2009.02.01"]
[Round "6.5"]
[White "Hopfauf, Fridolin"]
[Black "Kharitonov, Alexander"]
[Result "1/2-1/2"]
[WhiteElo "2084"]
[BlackElo "2187"]
[PlyCount "120"]
[EventDate "2008.10.05"]
[EventType "team-tourn"]
[EventRounds "9"]
[EventCountry "GER"]
[SourceTitle "EXT 2020"]
[Source "ChessBase"]
[SourceDate "2019.10.17"]
[SourceVersion "1"]
[SourceVersionDate "2019.10.17"]
[SourceQuality "1"]
[WhiteTeam "Sonthofen"]
[BlackTeam "Muenchen Tarrasch II"]
[WhiteTeamCountry "GER"]
[BlackTeamCountry "GER"]

1. e4 Nf6 2. Nc3 e5 3. Nf3 Bb4 4. Bc4 d6 5. d3 Be6 6. Bb3 Nbd7 7. Bg5 Nc5 8. Qe2 h6 9. Be3 Qe7 10. h3 c6 11. 0-0 0-0 12. Bxc5 Bxc5 13. Na4 Nd7 14. Bxe6 Qxe6 15. Nh4 g6 16. Nxc5 Nxc5 17. Qe3 Kh7 18. f4 exf4 19. Qxf4 g5 20. Qf5+ Kg7 21. Qxe6 fxe6 22. Nf3 e5 23. Nd2 Ne6 24. Nc4 Nd4 25. c3 Ne2+ 26. Kh2 Nf4 27. Rf3 Rad8 28. Raf1 Nxd3 29. Rxf8 Rxf8 30. Rxf8 Kxf8 31. Nxd6 b5 32. b4 Nc1 33. a3 Ke7 34. Nf5+ Ke6 35. Ne3 Ne2 36. Nd1 h5 37. g3 Nc1 38. Kg2 Nd3 39. Kf3 h4 40. gxh4 gxh4 41. Ke2 Nf4+ 42. Kf3 Nxh3 43. Kg4 Ng1 44. Kxh4 Nf3+ 45. Kg4 Nd2 46. Nf2 Nb1 47. Nd3 Nxa3 48. Nc5+ Kd6 49. Kf5 Nb1 50. Nb7+ Kc7 51. Nc5 Nxc3 52. Kxe5 Na4 53. Nd3 Kd7 54. Kf6 Nc3 55. Nc5+ Kd6 56. Nb7+ Kc7 57. Nc5 Nxe4+ 58. Nxe4 Kb6 59. Ke5 a5 60. bxa5+ Kxa5 1/2-1/2

[Event "Regionalliga SW 0809"]
[Site "Bayern"]
[Date "2009.01.18"]
[Round "5.4"]
[White "Hopfauf, Fridolin"]
[Black "Stoer, Andreas"]
[Result "1/2-1/2"]
[WhiteElo "2084"]
[BlackElo "2122"]
[PlyCount "71"]
[EventDate "2008.10.05"]
[EventType "team-tourn"]
[EventRounds "9"]
[EventCountry "GER"]
[SourceTitle "EXT 2020"]
[Source "ChessBase"]
[SourceDate "2019.10.17"]
[SourceVersion "1"]
[SourceVersionDate "2019.10.17"]
[SourceQuality "1"]
[WhiteTeam "Sonthofen"]
[BlackTeam "Kriegshaber"]
[WhiteTeamCountry "GER"]
[BlackTeamCountry "GER"]

1. e4 e5 2. Nf3 Nc6 3. Bb5 a6 4. Ba4 Nf6 5. d3 d6 6. Nbd2 g6 7. Nf1 Bg7 8. Ng3 0-0 9. c3 b5 10. Bc2 h6 11. Bd2 d5 12. a4 Rb8 13. axb5 axb5 14. 0-0 Be6 15. Ra6 Qd7 16. Bb3 Rfd8 17. Qc1 Kh7 18. Be3 Bg4 19. Rxc6 Qxc6 20. Nxe5 Qe6 21. d4 h5 22. f3 h4 23. Ne2 Bh5 24. Nf4 Qe8 25. Qe1 b4 26. cxb4 c5 27. Qxh4 cxd4 28. Bxd4 Rxb4 29. Ng4 Nxg4 30. Bxg7 Kxg7 31. fxg4 Rxb3 32. gxh5 dxe4 33. h6+ Kh7 34. Qf6 Qg8 35. Ne6 fxe6 36. Qe7+ 1/2-1/2

[Event "Regionalliga SW 0809"]
[Site "Bayern"]
[Date "2008.11.30"]
[Round "3.5"]
[White "Riedel, Lutz"]
[Black "Hopfauf, Fridolin"]
[Result "1-0"]
[WhiteElo "1981"]
[BlackElo "2084"]
[PlyCount "83"]
[EventDate "2008.10.05"]
[EventType "team-tourn"]
[EventRounds "9"]
[EventCountry "GER"]
[SourceTitle "EXT 2020"]
[Source "ChessBase"]
[SourceDate "2019.10.17"]
[SourceVersion "1"]
[SourceVersionDate "2019.10.17"]
[SourceQuality "1"]
[WhiteTeam "Krumbach II"]
[BlackTeam "Sonthofen"]
[WhiteTeamCountry "GER"]
[BlackTeamCountry "GER"]

1. c4 Nf6 2. g3 g6 3. Bg2 Bg7 4. Nc3 0-0 5. d3 d6 6. Bg5 h6 7. Bd2 Nc6 8. Nf3 Bg4 9. 0-0 Qd7 10. Rb1 Bh3 11. Ne4 Nxe4 12. dxe4 Bxg2 13. Kxg2 Qe6 14. Qc2 f5 15. exf5 Rxf5 16. Qd3 Raf8 17. Nh4 Ne5 18. Qd5 R5f6 19. Qxe6+ Rxe6 20. b3 g5 21. Nf3 Nxf3 22. exf3 Re2 23. Rfd1 c5 24. Kf1 Re6 25. Re1 Kf7 26. Rxe6 Kxe6 27. Ke2 Be5 28. Be3 b6 29. Rh1 Kf5 30. h4 Kg6 31. hxg5 hxg5 32. Kd3 e6 33. Ke4 Rf5 34. Rd1 Bd4 35. Bxd4 d5+ 36. cxd5 exd5+ 37. Ke3 cxd4+ 38. Rxd4 Re5+ 39. Kd2 Rf5 40. f4 gxf4 41. g4 Re5 42. Rxf4 1-0

[Event "Regionalliga SW 0809"]
[Site "Bayern"]
[Date "2008.10.26"]
[Round "2.5"]
[White "Hopfauf, Fridolin"]
[Black "Heinrich, Helmut1111"]
[Result "1/2-1/2"]
[WhiteElo "2085"]
[BlackElo "2006"]
[PlyCount "35"]
[EventDate "2008.10.05"]
[EventType "team-tourn"]
[EventRounds "9"]
[EventCountry "GER"]
[SourceTitle "EXT 2020"]
[Source "ChessBase"]
[SourceDate "2019.10.17"]
[SourceVersion "1"]
[SourceVersionDate "2019.10.17"]
[SourceQuality "1"]
[WhiteTeam "Sonthofen"]
[BlackTeam "Klosterlechfeld"]
[WhiteTeamCountry "GER"]
[BlackTeamCountry "GER"]

1. e4 Nf6 2. Nc3 d5 3. e5 d4 4. exf6 dxc3 5. fxg7 cxd2+ 6. Qxd2 Qxd2+ 7. Bxd2 Bxg7 8. 0-0-0 Nc6 9. Bc4 Ne5 10. Be2 Bd7 11. Bc3 Rg8 12. Nf3 Ng4 13. Bxg7 Rxg7 14. Rhf1 Nf6 15. Ne5 0-0-0 16. Bf3 c6 17. Rfe1 Be6 18. Rxd8+ 1/2-1/2

[Event "Regionalliga SW 0809"]
[Site "Bayern"]
[Date "2008.10.05"]
[Round "1.4"]
[White "Hopfauf, Fridolin"]
[Black "Groenegress, Wilfried"]
[Result "1-0"]
[WhiteElo "2085"]
[BlackElo "2019"]
[PlyCount "120"]
[EventDate "2008.10.05"]
[EventType "team-tourn"]
[EventRounds "9"]
[EventCountry "GER"]
[SourceTitle "EXT 2020"]
[Source "ChessBase"]
[SourceDate "2019.10.17"]
[SourceVersion "1"]
[SourceVersionDate "2019.10.17"]
[SourceQuality "1"]
[WhiteTeam "Sonthofen"]
[BlackTeam "Tuerkheim"]
[WhiteTeamCountry "GER"]
[BlackTeamCountry "GER"]

1. e4 c5 2. Nf3 e6 3. Be2 Nc6 4. 0-0 Nf6 5. Nc3 d5 6. exd5 Nxd5 7. Bb5 Nxc3 8. Bxc6+ bxc6 9. dxc3 Ba6 10. Qxd8+ Rxd8 11. Re1 Bd6 12. Be3 0-0 13. Rad1 h6 14. Rxd6 Rxd6 15. Bxc5 Rfd8 16. Bxd6 Rxd6 17. b3 f6 18. c4 c5 19. Kf1 Bb7 20. Ke2 Ra6 21. a4 Rd6 22. Rc1 Bxf3+ 23. Kxf3 a5 24. Ke3 e5 25. Ke2 Kf7 26. Rf1 f5 27. h3 Kf6 28. Rb1 Ke6 29. c3 Ra6 30. Rd1 Rd6 31. Rb1 Ra6 32. Ke3 Rc6 33. g4 Ra6 34. gxf5+ Kxf5 35. b4 axb4 36. cxb4 Rxa4 37. b5 Ra3+ 38. Ke2 Ra7 39. b6 Rb7 40. Ke3 Ke6 41. h4 g6 42. Ke4 Kd6 43. Rg1 Rg7 44. b7 Kc7 45. Kxe5 Kxb7 46. Kd6 Rf7 47. Rxg6 Kb6 48. Kd5+ Kc7 49. Kxc5 Rf5+ 50. Kb4 Rxf2 51. Rxh6 Rf5 52. c5 Rf1 53. Kc4 Rc1+ 54. Kd4 Rd1+ 55. Ke5 Rc1 56. c6 Rf1 57. h5 Re1+ 58. Kf4 Rf1+ 59. Kg3 Rg1+ 60. Kh2 Rg5 1-0

[Event "Regionalliga SW 0708"]
[Site "Bayern"]
[Date "2008.04.20"]
[Round "9.1"]
[White "Hornung, Hans"]
[Black "Hopfauf, Fridolin"]
[Result "1/2-1/2"]
[WhiteElo "2064"]
[BlackElo "2085"]
[PlyCount "52"]
[EventDate "2007.10.21"]
[EventType "team-tourn"]
[EventRounds "9"]
[EventCountry "GER"]
[SourceTitle "EXT 2009"]
[Source "ChessBase"]
[SourceDate "2008.11.26"]
[SourceVersion "1"]
[SourceVersionDate "2008.11.26"]
[SourceQuality "1"]
[WhiteTeam "Klosterlechfeld"]
[BlackTeam "Sonthofen"]
[WhiteTeamCountry "GER"]
[BlackTeamCountry "GER"]

1. Nf3 Nf6 2. c4 g6 3. d4 Bg7 4. g3 0-0 5. Bg2 d6 6. 0-0 Nc6 7. d5 Na5 8. Nfd2 c5 9. a3 b6 10. b4 Nb7 11. Bb2 Bd7 12. Nc3 Qc8 13. Qb3 Bh3 14. Rae1 Bxg2 15. Kxg2 cxb4 16. axb4 a5 17. Nb5 axb4 18. Qxb4 Nc5 19. Ra1 Qb7 20. f3 Rxa1 21. Rxa1 Ra8 22. Rxa8+ Qxa8 23. Bd4 Qa2 24. Qb2 Qa5 25. Qc3 Qa4 26. Qa1 Qxa1 1/2-1/2

[Event "Regionalliga SW 0708"]
[Site "Bayern"]
[Date "2008.01.20"]
[Round "5.1"]
[White "Hennig, Dirk"]
[Black "Hopfauf, Fridolin"]
[Result "1-0"]
[WhiteElo "2360"]
[BlackElo "2113"]
[PlyCount "91"]
[EventDate "2007.10.21"]
[EventType "team-tourn"]
[EventRounds "9"]
[EventCountry "GER"]
[SourceTitle "EXT 2009"]
[Source "ChessBase"]
[SourceDate "2008.11.26"]
[SourceVersion "1"]
[SourceVersionDate "2008.11.26"]
[SourceQuality "1"]
[WhiteTeam "Muenchen Tarrasch II"]
[BlackTeam "Sonthofen"]
[WhiteTeamCountry "GER"]
[BlackTeamCountry "GER"]

1. d4 Nf6 2. Bg5 g6 3. Bxf6 exf6 4. e3 Bg7 5. c4 0-0 6. Nc3 d6 7. g3 c5 8. Nge2 Nc6 9. Bg2 Qb6 10. Qd2 Bg4 11. 0-0 Rad8 12. Rac1 Bxe2 13. Nxe2 f5 14. Rfd1 Rfe8 15. Rc3 Qa6 16. a3 Qb6 17. Rd3 Rb8 18. Nc3 Na5 19. Bd5 cxd4 20. exd4 a6 21. b4 Nc6 22. Bf3 Rbd8 23. Nd5 Qa7 24. a4 Ne7 25. c5 Nxd5 26. Bxd5 Re7 27. Re1 Red7 28. c6 bxc6 29. Bxc6 Re7 30. Rxe7 Qxe7 31. b5 axb5 32. axb5 Qa7 33. Kg2 Bf6 34. Qb4 Qb6 35. d5 Kg7 36. Ra3 Qd4 37. Ra4 Qxb4 38. Rxb4 Rb8 39. b6 Bd8 40. b7 Kf6 41. Ra4 Bc7 42. Ra8 g5 43. f4 h6 44. Kf3 Ke7 45. Ke2 Kf6 46. Kd3 1-0

[Event "Regionalliga SW 0708"]
[Site "Bayern"]
[Date "2007.12.09"]
[Round "4.1"]
[White "Hopfauf, Fridolin"]
[Black "Jorczik, Julian Marcel"]
[Result "0-1"]
[WhiteElo "2113"]
[BlackElo "2255"]
[PlyCount "54"]
[EventDate "2007.10.21"]
[EventType "team-tourn"]
[EventRounds "9"]
[EventCountry "GER"]
[SourceTitle "EXT 2009"]
[Source "ChessBase"]
[SourceDate "2008.11.26"]
[SourceVersion "1"]
[SourceVersionDate "2008.11.26"]
[SourceQuality "1"]
[WhiteTeam "Sonthofen"]
[BlackTeam "Muenchen Suedost"]
[WhiteTeamCountry "GER"]
[BlackTeamCountry "GER"]

1. d4 Nf6 2. c4 c5 3. Nf3 e6 4. Nc3 cxd4 5. Nxd4 Bb4 6. Qb3 Bc5 7. e3 Nc6 8. Nf3 0-0 9. Be2 d5 10. cxd5 exd5 11. 0-0 a6 12. Rd1 Be6 13. Nd4 Qd6 14. Nxc6 bxc6 15. Bf3 Bg4 16. Ne4 Nxe4 17. Bxg4 f5 18. Bf3 Kh8 19. Bd2 Qh6 20. Be1 Ng5 21. Be2 f4 22. Rac1 f3 23. Bxf3 Bd6 24. Kf1 Nxf3 25. gxf3 Qh3+ 26. Ke2 Qxf3+ 27. Kd2 Rab8 0-1

[Event "Regionalliga SW 0607"]
[Site "Bayern"]
[Date "2007.04.01"]
[Round "8.1"]
[White "Hornung, Hans"]
[Black "Hopfauf, Fridolin"]
[Result "1/2-1/2"]
[WhiteElo "2054"]
[BlackElo "2110"]
[PlyCount "138"]
[EventDate "2006.10.15"]
[EventType "team-tourn"]
[EventRounds "9"]
[EventCountry "GER"]
[SourceTitle "EXT 2008"]
[Source "ChessBase"]
[SourceDate "2007.11.25"]
[SourceVersion "1"]
[SourceVersionDate "2007.11.25"]
[SourceQuality "1"]
[WhiteTeam "Klosterlechfeld"]
[BlackTeam "Sonthofen"]
[WhiteTeamCountry "GER"]
[BlackTeamCountry "GER"]

1. Nf3 Nf6 2. c4 g6 3. Nc3 Bg7 4. e4 d6 5. d4 0-0 6. Be2 Bg4 7. Be3 Nbd7 8. h3 Bxf3 9. Bxf3 e5 10. d5 Ne8 11. h4 f5 12. h5 f4 13. Bd2 Qg5 14. Qe2 a5 15. 0-0-0 Nc5 16. g3 Qf6 17. g4 g5 18. Kc2 Rf7 19. Rb1 Bf8 20. Rhc1 c6 21. Kd1 Nc7 22. b3 Ne8 23. Rc2 Qd8 24. Ke1 Qc8 25. Kf1 Nf6 26. Re1 Rg7 27. Bc1 Nxh5 28. gxh5 g4 29. Rd1 gxf3 30. Qxf3 Qg4 31. Ke2 Kf7 32. Ba3 a4 33. Bxc5 axb3 34. Qxg4 Rxg4 35. Rb2 dxc5 36. Rxb3 Ra7 37. Rb6 Rh4 38. a4 Rxh5 39. dxc6 bxc6 40. Rxc6 f3+ 41. Ke3 Bh6+ 42. Kxf3 Rh3+ 43. Kg4 Rxc3 44. Rxh6 Kg7 45. Rdh1 Kg8 46. R1h5 Rf7 47. Rg5+ Kh8 48. Rxe5 Rxf2 49. Rxc5 Rc1 50. Rh3 Rf7 51. Rg3 h6 52. a5 Ra1 53. e5 h5+ 54. Kh3 Rh1+ 55. Kg2 Rff1 56. Rf3 Rhg1+ 57. Kh2 Rh1+ 58. Kg3 Rfg1+ 59. Kf4 Rg8 60. Rc6 Rf8+ 61. Ke3 Re1+ 62. Kf2 Rxf3+ 63. Kxf3 Rxe5 64. a6 Ra5 65. Kg3 Kg8 66. Kh4 Kf8 67. c5 Ke8 68. Kxh5 Kd7 69. Rd6+ Kc7 1/2-1/2

[Event "Regionalliga SW 0607"]
[Site "Bayern"]
[Date "2007.02.25"]
[Round "6.1"]
[White "Hopfauf, Fridolin"]
[Black "Dirr, Ulrich"]
[Result "1/2-1/2"]
[WhiteElo "2136"]
[BlackElo "2240"]
[PlyCount "78"]
[EventDate "2006.10.15"]
[EventType "team-tourn"]
[EventRounds "9"]
[EventCountry "GER"]
[SourceTitle "EXT 2008"]
[Source "ChessBase"]
[SourceDate "2007.11.25"]
[SourceVersion "1"]
[SourceVersionDate "2007.11.25"]
[SourceQuality "1"]
[WhiteTeam "Sonthofen"]
[BlackTeam "Zugzwang MSA"]
[WhiteTeamCountry "GER"]
[BlackTeamCountry "GER"]

1. d4 f5 2. e4 fxe4 3. Nc3 Nf6 4. Bg5 Nc6 5. d5 Ne5 6. Bxf6 exf6 7. Nxe4 f5 8. Ng3 g6 9. Qe2 Qe7 10. d6 cxd6 11. 0-0-0 Bh6+ 12. Kb1 0-0 13. h4 Qf6 14. h5 Bg7 15. f4 Nf7 16. c3 Rb8 17. Qb5 d5 18. Nf3 d6 19. Bd3 a6 20. Qb6 Bd7 21. Nd4 Qd8 22. Qb3 Qa5 23. Bc2 Rfe8 24. Nf3 Be6 25. Rhe1 Qc5 26. Re2 b5 27. Nd4 Bd7 28. Rxe8+ Rxe8 29. a4 bxa4 30. Qb7 Qc8 31. Qxd5 a3 32. Bb3 Rf8 33. hxg6 hxg6 34. Nge2 Qc5 35. bxa3 Qxd5 36. Bxd5 Rb8+ 37. Kc1 Kf8 38. Ne6+ Bxe6 39. Bxe6 Rb6 1/2-1/2

[Event "Bayern-chB 77th"]
[Site "Bad Woerishofen"]
[Date "2006.09.02"]
[Round "9"]
[White "Santl, Anton"]
[Black "Hopfauf, Fridolin"]
[Result "1/2-1/2"]
[WhiteElo "1992"]
[BlackElo "2136"]
[PlyCount "20"]
[EventDate "2006.08.26"]
[EventType "swiss"]
[EventRounds "9"]
[EventCountry "GER"]
[SourceTitle "EXT 2015"]
[Source "ChessBase"]
[SourceDate "2014.11.20"]
[SourceVersion "1"]
[SourceVersionDate "2014.11.20"]
[SourceQuality "1"]

1. Nf3 Nf6 2. c4 g6 3. g3 Bg7 4. Bg2 0-0 5. 0-0 d6 6. d4 Nc6 7. Nc3 e5 8. d5 Na5 9. Nd2 c5 10. a3 b6 1/2-1/2

[Event "Bayern-chB 77th"]
[Site "Bad Woerishofen"]
[Date "2006.08.28"]
[Round "4"]
[White "Schulze, Ulrich"]
[Black "Hopfauf, Fridolin"]
[Result "1/2-1/2"]
[WhiteElo "2230"]
[BlackElo "2136"]
[PlyCount "98"]
[EventDate "2006.08.26"]
[EventType "swiss"]
[EventRounds "9"]
[EventCountry "GER"]
[SourceTitle "EXT 2015"]
[Source "ChessBase"]
[SourceDate "2014.11.20"]
[SourceVersion "1"]
[SourceVersionDate "2014.11.20"]
[SourceQuality "1"]

1. d4 Nf6 2. Nf3 g6 3. c4 Bg7 4. g3 0-0 5. Bg2 d6 6. 0-0 Nc6 7. Nc3 e5 8. d5 Na5 9. Nd2 c5 10. dxc6 Nxc6 11. Nde4 Ne8 12. Nb5 Nd4 13. Bg5 f6 14. Nxd4 exd4 15. Bd2 Be6 16. b3 h6 17. Bb4 f5 18. Nd2 Qb6 19. Ba3 Nf6 20. Bb2 d5 21. c5 Qxc5 22. Nf3 Ne4 23. Bxd4 Bxd4 24. Qxd4 Rac8 25. e3 Bf7 26. Qxc5 Rxc5 27. Rfc1 b6 28. Rxc5 bxc5 29. Rc1 Re8 30. Rc2 a5 31. Ne1 c4 32. Nf3 Nc5 33. Nd4 Nd3 34. Rc3 Rb8 35. Nc6 Rb5 36. Nd8 d4 37. exd4 cxb3 38. axb3 Rxb3 39. Rc8 Rb1+ 40. Bf1 Bd5 41. Nb7+ Kg7 42. Nxa5 Ne1 43. f4 Nf3+ 44. Kf2 Nxh2 45. Be2 Rb2 46. Ke3 g5 47. Rc5 gxf4+ 48. Kxf4 Rxe2 49. Rxd5 Rf2+ 1/2-1/2

[Event "Bayern-chB 77th"]
[Site "Bad Woerishofen"]
[Date "2006.08.26"]
[Round "1"]
[White "Huettemann, Ralf"]
[Black "Hopfauf, Fridolin"]
[Result "0-1"]
[WhiteElo "1919"]
[BlackElo "2136"]
[PlyCount "94"]
[EventDate "2006.08.26"]
[EventType "swiss"]
[EventRounds "9"]
[EventCountry "GER"]
[SourceTitle "EXT 2015"]
[Source "ChessBase"]
[SourceDate "2014.11.20"]
[SourceVersion "1"]
[SourceVersionDate "2014.11.20"]
[SourceQuality "1"]

1. e4 e5 2. Nf3 Nc6 3. Bc4 Be7 4. 0-0 Nf6 5. d3 d6 6. h3 0-0 7. Nbd2 Na5 8. b4 Nxc4 9. Nxc4 Re8 10. Rb1 Be6 11. Ng5 Bxc4 12. dxc4 h6 13. f4 hxg5 14. fxg5 Nh7 15. h4 Qd7 16. Rb3 Qe6 17. Qe2 Rf8 18. g4 c6 19. a4 Rad8 20. a5 a6 21. Bd2 Rd7 22. Rg3 Rc8 23. Rf5 Bd8 24. Kg2 b5 25. axb6 Bxb6 26. Ra3 Ra8 27. Bc3 g6 28. Rf1 Bd4 29. Bd2 Rda7 30. h5 Bb6 31. hxg6 Qxg6 32. Rf5 Bd8 33. Be3 Rb7 34. b5 cxb5 35. cxb5 a5 36. Bd2 Nxg5 37. Qc4 Rab8 38. Bxa5 Bxa5 39. Rxa5 Ne6 40. Qe2 Nf4+ 41. Rxf4 exf4 42. c4 Re7 43. Kf3 Rbe8 44. b6 Rxe4 45. Qd1 Re3+ 46. Kf2 Re2+ 47. Kf1 Qxg4 0-1

[Event "Regionalliga SW 0506"]
[Site "Bayern"]
[Date "2006.03.12"]
[Round "8.3"]
[White "Hopfauf, Fridolin"]
[Black "Hoy, Ralph"]
[Result "0-1"]
[WhiteElo "2154"]
[BlackElo "2078"]
[PlyCount "56"]
[EventDate "2005.10.23"]
[EventType "team-tourn"]
[EventRounds "9"]
[EventCountry "GER"]
[SourceTitle "EXT 2007"]
[Source "ChessBase"]
[SourceDate "2006.11.23"]
[SourceVersion "1"]
[SourceVersionDate "2006.11.23"]
[SourceQuality "1"]

1. e4 e5 2. Nf3 d6 3. d4 exd4 4. Nxd4 Nf6 5. Nc3 Be7 6. Be2 0-0 7. 0-0 Re8 8. Re1 a6 9. Bf4 c5 10. Nf5 Bxf5 11. exf5 Nc6 12. Nd5 Nxd5 13. Qxd5 Nb4 14. Qd2 Qd7 15. c3 Nc6 16. Qd5 Bf6 17. Bh5 Be5 18. Bxe5 Nxe5 19. g4 c4 20. Re4 g6 21. fxg6 hxg6 22. f4 Nf3+ 23. Kf2 Rxe4 24. Qxe4 Nh4 25. Qd5 Re8 26. Qg5 Nf3 27. Kxf3 Qe6 28. Bxg6 Qe2+ 0-1

[Event "Regionalliga SW 0506"]
[Site "Bayern"]
[Date "2006.02.19"]
[Round "7.3"]
[White "Hopfauf, Fridolin"]
[Black "Niebergall, Gerhard"]
[Result "1-0"]
[WhiteElo "2154"]
[BlackElo "2002"]
[PlyCount "78"]
[EventDate "2005.10.23"]
[EventType "team-tourn"]
[EventRounds "9"]
[EventCountry "GER"]
[SourceTitle "EXT 2007"]
[Source "ChessBase"]
[SourceDate "2006.11.23"]
[SourceVersion "1"]
[SourceVersionDate "2006.11.23"]
[SourceQuality "1"]

1. e4 c5 2. Nf3 Nc6 3. Nc3 e5 4. Bc4 Be7 5. Nd5 Nf6 6. Nxe7 Qxe7 7. d3 h6 8. c3 0-0 9. 0-0 d6 10. h3 a6 11. Nh4 Be6 12. Bxe6 Qxe6 13. Nf5 d5 14. Qf3 dxe4 15. dxe4 Ne7 16. Be3 b6 17. b4 cxb4 18. cxb4 Nxf5 19. exf5 Qc4 20. Qg3 Qxb4 21. Bxh6 Nh5 22. Qg5 Qf4 23. g3 Qxg5 24. Bxg5 Rac8 25. Rfe1 b5 26. a4 Rc4 27. axb5 axb5 28. Be7 Re8 29. Rxe5 Rc7 30. Rae1 Rb7 31. Bb4 Rxe5 32. Rxe5 Nf6 33. g4 Kh7 34. Kg2 Kh6 35. Kg3 Kh7 36. Kf4 Nd7 37. Re7 Rc7 38. Re4 Kg8 39. g5 Kh7 1-0